Learning Resource and Development

IEEE/ACM transactions on computational biology and bioinformatics / (Record no. 28702)

MARC details
000 -LEADER
fixed length control field 01964cas a2200493 i 4500
001 - CONTROL NUMBER
control field 13271040
005 - DATE AND TIME OF LATEST TRANSACTION
control field 20250128091913.0
008 - FIXED-LENGTH DATA ELEMENTS--GENERAL INFORMATION
fixed length control field 012825c2009 nyuqr p 0 a0eng c
010 ## - LIBRARY OF CONGRESS CONTROL NUMBER
LC control number 2003215338
022 0# - INTERNATIONAL STANDARD SERIAL NUMBER
International Standard Serial Number 1545-5963
ISSN-L 1545-5963
Source 1
040 ## - CATALOGING SOURCE
Original cataloging agency NSD
Language of cataloging eng
Transcribing agency CSPC
042 ## - AUTHENTICATION CODE
Authentication code pcc
-- nsdp
050 00 - LIBRARY OF CONGRESS CALL NUMBER
Classification number QH324.2
Item number .I343
060 00 - NATIONAL LIBRARY OF MEDICINE CALL NUMBER
Classification number W1
Item number IE44611
082 10 - DEWEY DECIMAL CLASSIFICATION NUMBER
Classification number 572
Edition number 13
222 #0 - KEY TITLE
Key title IEEE/ACM transactions on computational biology and bioinformatics
Qualifying information (Print)
245 00 - TITLE STATEMENT
Title IEEE/ACM transactions on computational biology and bioinformatics /
Statement of responsibility, etc. IEEE, ACM.
246 1# - VARYING FORM OF TITLE
Title proper/short title Computational biology and bioinformatics
246 1# - VARYING FORM OF TITLE
Title proper/short title Transactions on computational biology and bioinformatics
246 13 - VARYING FORM OF TITLE
Title proper/short title IEEE/ACM TCBB
246 17 - VARYING FORM OF TITLE
Title proper/short title IEEE transactions on computational biology and bioinformatics
260 ## - PUBLICATION, DISTRIBUTION, ETC.
Place of publication, distribution, etc. New York, NY :
Name of publisher, distributor, etc. IEEE Computer Society,
Date of publication, distribution, etc. 2009-
300 ## - PHYSICAL DESCRIPTION
Extent volumes :
Other physical details illustrations ;
Dimensions 27 cm
310 ## - CURRENT PUBLICATION FREQUENCY
Current publication frequency Quarterly
Date of current publication frequency 2009-
336 ## - CONTENT TYPE
Content type term text
Content type code txt
Source rdacontent
337 ## - MEDIA TYPE
Media type term unmediated
Media type code n
Source rdamedia
338 ## - CARRIER TYPE
Carrier type term volume
Carrier type code nc
Source rdacarrier
490 ## - SERIES STATEMENT
Materials specified Printed Journal Collection.
500 ## - GENERAL NOTE
General note Includes bibliographical references.
521 ## - TARGET AUDIENCE NOTE
Target audience note CEA/BSECE
650 #0 - SUBJECT ADDED ENTRY--TOPICAL TERM
Topical term or geographic name entry element Computational biology
Form subdivision Periodicals.
650 #0 - SUBJECT ADDED ENTRY--TOPICAL TERM
Topical term or geographic name entry element Bioinformatics
Form subdivision Periodicals.
650 #7 - SUBJECT ADDED ENTRY--TOPICAL TERM
Topical term or geographic name entry element Bioinformatics.
Source of heading or term fast
Authority record control number or standard number (OCoLC)fst00832181
650 #7 - SUBJECT ADDED ENTRY--TOPICAL TERM
Topical term or geographic name entry element Computational biology.
Source of heading or term fast
Authority record control number or standard number (OCoLC)fst00871990
650 12 - SUBJECT ADDED ENTRY--TOPICAL TERM
Topical term or geographic name entry element Computational Biology.
655 #7 - INDEX TERM--GENRE/FORM
Genre/form data or focus term Periodicals.
Source of term fast
Authority record control number or standard number (OCoLC)fst01411641
655 #7 - INDEX TERM--GENRE/FORM
Genre/form data or focus term Periodicals.
Source of term lcgft
710 2# - ADDED ENTRY--CORPORATE NAME
Corporate name or jurisdiction name as entry element Institute of Electrical and Electronics Engineers.
710 2# - ADDED ENTRY--CORPORATE NAME
Corporate name or jurisdiction name as entry element Association for Computing Machinery.
710 2# - ADDED ENTRY--CORPORATE NAME
Corporate name or jurisdiction name as entry element IEEE Computer Society.
776 08 - ADDITIONAL PHYSICAL FORM ENTRY
Relationship information Online version:
Title IEEE/ACM transactions on computational biology and bioinformatics (Online)
International Standard Serial Number 1545-5963
Record control number (DLC) 2005252012
-- (OCoLC)56477666
942 ## - ADDED ENTRY ELEMENTS (KOHA)
Source of classification or shelving scheme Dewey Decimal Classification
Koha item type Serials
Suppress in OPAC No
Holdings
Withdrawn status Lost status Source of classification or shelving scheme Damaged status Not for loan Home library Current library Shelving location Date acquired Serial Enumeration / chronology Total Checkouts Full call number Barcode Date last seen Copy number Price effective from Koha item type Public note
    Dewey Decimal Classification   On Process Main Library Main Library Serials 01/28/2025 Vol.6, No.4, October-December 2009   Ser ENGR 28 v.6 n.4 2009 00205S 01/28/2025 1 01/28/2025 Serials Journal
    Dewey Decimal Classification   On Process Main Library Main Library Serials 01/28/2025 Vol.6, No.1, January-March 2009   Ser ENGR 28 v.6 n.1 2009 00245S 01/28/2025 1 01/28/2025 Serials Journal
    Dewey Decimal Classification   On Process Main Library Main Library Serials 01/28/2025 Vol.5, No.4, October-December 2008   Ser ENGR 28 v.5 n.4 2008 00291S 01/28/2025 1 01/28/2025 Serials Journal